| 000 | 01046cam a22002054a 4500 | ||
|---|---|---|---|
| 005 | 20250605164213.0 | ||
| 008 | 250528s ||||||||||||||||||||||||d | ||
| 035 | _a20330 | ||
| 020 | _a132390779 | ||
| 040 |
_aGR-AtMCL _bgre _dGR-AtMCL _eAACR2 |
||
| 245 | 1 | _aSecurity in Computing / Fourth Edition | |
| 260 |
_bPrentice Hall, _c2006 |
||
| 300 | _a852 | ||
| 520 | _aThis Edition contains an all-new chapter on the Economics of Cybersecurity, explaining ways to make a Business case for Security Investments. Is There a Security Problem in Computing, Elementary Cryptography, Program Security, Protection in General-Purpose Operating Systems, Designing Trusted Operating Systems, Database and Data Mining Security, Security in Networks, Administering Security, The Economics of Cybersecurity, Privacy in Computing, Legal and Ethical Issues in Computer Security, Cryptography Explained, Bibliography. | ||
| 700 | 1 |
_aPfleeger Charles _96337 |
|
| 700 | 1 |
_aPfleeger Shari Lawrence _96338 |
|
| 942 | _cBK | ||
| 999 |
_c5452 _d5452 |
||